| 000 | 00572nam a2200181Ia 4500 | ||
|---|---|---|---|
| 008 | 090630s9999 xx 000 0 und d | ||
| 082 | _b22948 | ||
| 100 | _aमहाले रमेश. | ||
| 245 |
_aपारितोषिक. _cमहाले रमेश. |
||
| 260 |
_bलोकसाहित्य. _c2000 |
||
| 300 | _a40 | ||
| 600 | _aमहाले रमेश. | ||
| 630 | _aपारितोषिक. | ||
| 655 | _aबालवाङमय. | ||
| 700 | _aमहाले रमेश. | ||
| 730 | _aपारितोषिक. | ||
| 942 | _cBOOK | ||
| 999 |
_c274804 _d274804 |
||